<?xml version="1.0" encoding="UTF-8"?>
<record
    xmlns:xsi="http://www.w3.org/2001/XMLSchema-instance"
    xsi:schemaLocation="http://www.loc.gov/MARC21/slim http://www.loc.gov/standards/marcxml/schema/MARC21slim.xsd"
    xmlns="http://www.loc.gov/MARC21/slim">

  <leader>02138cam a22003614a 4500</leader>
  <controlfield tag="001">13981818</controlfield>
  <controlfield tag="003">OSt</controlfield>
  <controlfield tag="005">20231003090018.0</controlfield>
  <controlfield tag="008">050525s2006    maua     b    001 0 eng  </controlfield>
  <datafield tag="010" ind1=" " ind2=" ">
    <subfield code="a">  2005050520</subfield>
  </datafield>
  <datafield tag="020" ind1=" " ind2=" ">
    <subfield code="a">9780077117450</subfield>
  </datafield>
  <datafield tag="020" ind1=" " ind2=" ">
    <subfield code="a">007711745X</subfield>
  </datafield>
  <datafield tag="035" ind1=" " ind2=" ">
    <subfield code="a">(OCoLC)ocm60557595</subfield>
  </datafield>
  <datafield tag="040" ind1=" " ind2=" ">
    <subfield code="a">WIUC - GH</subfield>
    <subfield code="c">WIUC - GH</subfield>
    <subfield code="d">YDX</subfield>
    <subfield code="d">BAKER</subfield>
    <subfield code="d">NLGGC</subfield>
    <subfield code="d">DLC</subfield>
  </datafield>
  <datafield tag="042" ind1=" " ind2=" ">
    <subfield code="a">pcc</subfield>
  </datafield>
  <datafield tag="050" ind1="0" ind2="0">
    <subfield code="a">HD30.4.B65</subfield>
  </datafield>
  <datafield tag="082" ind1="0" ind2="0">
    <subfield code="a">658/.0072</subfield>
    <subfield code="2">22</subfield>
  </datafield>
  <datafield tag="084" ind1=" " ind2=" ">
    <subfield code="a">85.03</subfield>
    <subfield code="2">bcl</subfield>
  </datafield>
  <datafield tag="100" ind1=" " ind2=" ">
    <subfield code="q">Blumberg, Boris</subfield>
    <subfield code="9">2442</subfield>
  </datafield>
  <datafield tag="245" ind1="1" ind2="0">
    <subfield code="a">Business research methods. /</subfield>
    <subfield code="c">Boris Blumberg, Donald R. Cooper, Pamela S. Schindler.</subfield>
  </datafield>
  <datafield tag="250" ind1=" " ind2=" ">
    <subfield code="a">2nd European ed.</subfield>
  </datafield>
  <datafield tag="260" ind1=" " ind2=" ">
    <subfield code="a">Maidenhead, England:</subfield>
    <subfield code="b">McGraw-Hill,</subfield>
    <subfield code="c">2011.</subfield>
  </datafield>
  <datafield tag="300" ind1=" " ind2=" ">
    <subfield code="a">xix, 685 p. :</subfield>
    <subfield code="b">ill. index;</subfield>
  </datafield>
  <datafield tag="504" ind1=" " ind2=" ">
    <subfield code="a">Includes index.</subfield>
  </datafield>
  <datafield tag="505" ind1=" " ind2=" ">
    <subfield code="a">Contents: Part 1: Essentials of research: The nature of business and management research -- The research process and proposal -- Literature review -- Ethics in business research -- Part 2: Research approaches: Quantitative and qualitative research -- Sampling strategies -- Survey research -- Secondary data and archival sources -- Case studies, qualitative interviews and focus groups -- Observation -- Content analysis and other qualitative approaches -- Experimentation -- Part 3: Research instruments: Measurement and scales -- Fieldwork: questionnaires and responses -- Writing up and presenting research outcomes -- Part 4:Statistical background: Data preparation and description -- Exploring, displaying and examining data -- Hypothesis testing -- Measures of association -- Multivariate analysis: an overview -- </subfield>
  </datafield>
  <datafield tag="538" ind1=" " ind2=" ">
    <subfield code="a">System requirements: PV w/Pentium based processor; Microsoft Windows 98/2000/XP; Microsoft Windows Internet Explorer 5.5 as default browser, Microsoft Office or equivalent.</subfield>
  </datafield>
  <datafield tag="650" ind1=" " ind2="0">
    <subfield code="a">Industrial management</subfield>
    <subfield code="x">Research.</subfield>
    <subfield code="9">2443</subfield>
  </datafield>
  <datafield tag="700" ind1=" " ind2=" ">
    <subfield code="q">Donald R. Cooper</subfield>
    <subfield code="9">2444</subfield>
  </datafield>
  <datafield tag="700" ind1=" " ind2=" ">
    <subfield code="q">Schindler, Pamela S.</subfield>
    <subfield code="9">2445</subfield>
  </datafield>
  <datafield tag="906" ind1=" " ind2=" ">
    <subfield code="a">7</subfield>
    <subfield code="b">cbc</subfield>
    <subfield code="c">orignew</subfield>
    <subfield code="d">1</subfield>
    <subfield code="e">ocip</subfield>
    <subfield code="f">20</subfield>
    <subfield code="g">y-gencatlg</subfield>
  </datafield>
  <datafield tag="942" ind1=" " ind2=" ">
    <subfield code="2">lcc</subfield>
    <subfield code="c">BK</subfield>
  </datafield>
  <datafield tag="999" ind1=" " ind2=" ">
    <subfield code="c">10069</subfield>
    <subfield code="d">17569</subfield>
  </datafield>
  <datafield tag="952" ind1=" " ind2=" ">
    <subfield code="0">0</subfield>
    <subfield code="1">0</subfield>
    <subfield code="2">lcc</subfield>
    <subfield code="4">0</subfield>
    <subfield code="7">0</subfield>
    <subfield code="a">WIUC-KL</subfield>
    <subfield code="b">WIUC-KL</subfield>
    <subfield code="c">GEN</subfield>
    <subfield code="d">2023-03-21</subfield>
    <subfield code="o">HD30.4.B65 (2e)</subfield>
    <subfield code="p">K/3208/0306/23</subfield>
    <subfield code="r">2023-10-03 00:00:00</subfield>
    <subfield code="w">2023-10-03</subfield>
    <subfield code="y">BK</subfield>
  </datafield>
</record>
